| 000 | 00833ctm a22001935a 4500 | ||
|---|---|---|---|
| 001 | L157674 | ||
| 008 | 130226m1834 xxk f 000 0 eng d | ||
| 035 | _a(Sirsi) u157674 | ||
| 041 | 0 | _aeng | |
| 110 | 2 |
_aLand Surveyors Club _94346 |
|
| 245 | 0 | 1 | _a[Minute book of the Land Surveyors Club] |
| 260 | _c1834-1910 | ||
| 300 |
_a1 v. _c33 cm. |
||
| 520 | _aA minute book of the Land Surveyors' Club, which was established on 21 June 1834. The founding members were: William Blount, Layton Cooke, Henry Crawter, Thomas Chapman, Edward Driver and J. T. Tatham. Letters from members of the club on various subjects have been pasted in together with press clippings and photographs. | ||
| 583 |
_aCondition reviewed _c20120226 _lcondition level 1 |
||
| 651 | 4 |
_aGreat Britain _y1707- |
|
| 690 | _aBusiness and management | ||
| 942 | _n0 | ||
| 999 |
_c114911 _d114911 |
||